La aparición del derecho de trabajo

Spremljeno u:
Bibliografski detalji
Autor kompanije: UNA. Instituto Estudios del Trabajo (Costa Rica)
Format: Tekst
Izdano: Heredia: El Instituto
Oznake: Dodaj oznaku
Bez oznaka, Budi prvi tko označuje ovaj zapis!

MARC

LEADER 00000 a a2200000 04500
001 14175
003
040
090 |a 020800  
110 |a UNA. Instituto Estudios del Trabajo (Costa Rica)  
245 |a La aparición del derecho de trabajo  
260 |a Heredia:   |b El Instituto  
300 |a 54 p.  
999 |c 10528  |d 10528